|
|
|
|
| LEADER |
01285nam a2200349Ia 4500 |
| 001 |
EBC232231 |
| 003 |
MiAaPQ |
| 005 |
20200520144314.0 |
| 006 |
m o d | |
| 007 |
cr cn||||||||| |
| 008 |
000815s2003 enk s 000 0 eng d |
| 020 |
|
|
|z 0861768337
|
| 035 |
|
|
|a (MiAaPQ)EBC232231
|
| 035 |
|
|
|a (Au-PeEL)EBL232231
|
| 035 |
|
|
|a (CaPaEBR)ebr10052769
|
| 035 |
|
|
|a (CaONFJC)MIL51166
|
| 035 |
|
|
|a (OCoLC)133162742
|
| 040 |
|
|
|a MiAaPQ
|c MiAaPQ
|d MiAaPQ
|
| 050 |
|
4 |
|a R858
|b .H43 2003
|
| 245 |
0 |
0 |
|a Health informatics
|h [electronic resource] /
|c guest editors Sarmad Alshawi, Tillal Eldabi and Ray J. Paul.
|
| 260 |
|
|
|a Bradford, England :
|b Emerald Group Publishing,
|c c2003.
|
| 300 |
|
|
|a 122 p.
|
| 490 |
0 |
|
|a Logistics information management ;
|v v.16, no. 3/4
|
| 533 |
|
|
|a Electronic reproduction. Ann Arbor, MI : ProQuest, 2015. Available via World Wide Web. Access may be limited to ProQuest affiliated libraries.
|
| 650 |
|
0 |
|a Health services administration.
|
| 650 |
|
0 |
|a Information technology
|x Management.
|
| 655 |
|
4 |
|a Electronic books.
|
| 700 |
1 |
|
|a Alshawi, Sarmad.
|
| 700 |
1 |
|
|a Eldabi, Tillal.
|
| 700 |
1 |
|
|a Paul, Ray J.
|
| 710 |
2 |
|
|a ProQuest (Firm)
|
| 856 |
4 |
0 |
|u https://ebookcentral.proquest.com/lib/matrademy/detail.action?docID=232231
|z Click to View
|